00678 2200241 4500001002100000005001700021008004100038035002400079082001100103090002300114100001700137245010900154250001000263260002700273300002200300500003000322500001100352650001000363700001900373850001500392985000600407999002300413YOGYA-0209000005847520090227034358.0 ind  0010-020900000058475 a297.14 a297.14bFua HlDEP aFUAD, Mahsun aHukum Islam Indonesiabdari nalar parsipatoris hinggaa emansipatorriscMahsun Fuad;Editor, Fuad Mustafid aCet.1 aYogyakartabLKISc2005 axx,328 hlmc21 cm aBibliografi: hlm. 299-320 aIndeks aFiqih aMustafid, Fuad aYOPDYOG[M] a1 a2005-638 h CB-D.11